| 000 | 00859nam1a22002411i 4500 | ||
|---|---|---|---|
| 001 | rc\183944 | ||
| 005 | 20240723212824.0 | ||
| 035 | _a(NLR Aleph) 005618568 | ||
| 090 |
_a6475451 _c6475451 |
||
| 100 | _a20030307d1997 u |0rusy50 ca | ||
| 101 | 0 | _arus | |
| 102 | _aRU | ||
| 105 | _ay ||||||||| | ||
| 200 | 1 |
_aОбщее библиотековедение _eУчеб. для библ.-информ. фак. вузов культуры и искусства _eВ 2 ч. _fН.С. Карташов, В.В. Скворцов |
|
| 210 |
_aМ. _cИзд-во Моск. гос. ун-та культуры _d1997 |
||
| 215 | _d20 | ||
| 700 | 1 |
_aКарташов _bН.С. _gНиколай Семенович |
|
| 701 | 1 |
_aСкворцов _bВ.В. |
|
| 801 | 0 |
_aRU _bNLR _gpsbo |
|
| 801 | 1 |
_aRU _bELAR _2rusmarc |
|
| 852 |
_aNLR _bБ _j4000/К-27 |
||
| 942 | _cBOOK | ||